ARRUPE JESUIT UNIVERSITY

CORONAVIRUS -STOP THE SPREAD - CLEAN,DISINFECT,COVER

Sexes and genealogies / (Record no. 121918)

MARC details
000 -LEADER
fixed length control field 01132pam a2200325 a 4500
001 - CONTROL NUMBER
control field 1088748
003 - CONTROL NUMBER IDENTIFIER
control field ARRUPE
005 - DATE AND TIME OF LATEST TRANSACTION
control field 20150129134311.0
008 - FIXED-LENGTH DATA ELEMENTS--GENERAL INFORMATION
fixed length control field 920915s1993 nyu b 000 0 eng
010 ## - LIBRARY OF CONGRESS CONTROL NUMBER
LC control number 92032495
020 ## - INTERNATIONAL STANDARD BOOK NUMBER
International Standard Book Number 0231070322
020 ## - INTERNATIONAL STANDARD BOOK NUMBER
International Standard Book Number 0231070330 (pbk.)
040 ## - CATALOGING SOURCE
Original cataloging agency DLC
Transcribing agency DLC
Modifying agency DLC
041 1# - LANGUAGE CODE
Language code of text/sound track or separate title eng
Language code of original and/or intermediate translations of text fre
050 00 - LIBRARY OF CONGRESS CALL NUMBER
Classification number BF692.2
Item number .I7413 1993
082 00 - DEWEY DECIMAL CLASSIFICATION NUMBER
Classification number 155.3/3
Edition number 20
300 ## - PHYSICAL DESCRIPTION
Dimensions 24 cm.
100 1# - MAIN ENTRY--PERSONAL NAME
Personal name Irigaray, Luce.
9 (RLIN) 14724
240 10 - UNIFORM TITLE
Uniform title <a href="Sexes et parentés.">Sexes et parentés.</a>
Language of a work English
245 10 - TITLE STATEMENT
Title Sexes and genealogies /
Statement of responsibility, etc Luce Irigaray ; translated by Gillian C. Gill.
260 ## - PUBLICATION, DISTRIBUTION, ETC. (IMPRINT)
Place of publication, distribution, etc New York :
Name of publisher, distributor, etc Columbia University Press,
Date of publication, distribution, etc c1993.
300 ## - PHYSICAL DESCRIPTION
Extent ix, 206 p. ;
500 ## - GENERAL NOTE
General note Collection of lectures.
504 ## - BIBLIOGRAPHY, ETC. NOTE
Bibliography, etc Includes bibliographical references.
650 #0 - SUBJECT ADDED ENTRY--TOPICAL TERM
Topical term or geographic name as entry element Sex differences (Psychology)
General subdivision History.
9 (RLIN) 14725
650 #0 - SUBJECT ADDED ENTRY--TOPICAL TERM
Topical term or geographic name as entry element Women
General subdivision Psychology
-- History.
9 (RLIN) 14726
650 #0 - SUBJECT ADDED ENTRY--TOPICAL TERM
Topical term or geographic name as entry element Feminist theology.
9 (RLIN) 14727
906 ## - LOCAL DATA ELEMENT F, LDF (RLIN)
a 7
b cbc
c orignew
d 1
e ocip
f 19
g y-gencatlg
942 ## - ADDED ENTRY ELEMENTS (KOHA)
Source of classification or shelving scheme Library of Congress Classification
Koha item type Monograph ( Printed materials)
Holdings
Withdrawn status Lost status Source of classification or shelving scheme Damaged status Not for loan Collection code Home library Current library Shelving location Date acquired Total Checkouts Full call number Barcode Date last seen Price effective from Koha item type
    Library of Congress Classification     Main Collection ARRUPE LIBRARY ARRUPE LIBRARY Main Collection 29/01/2015   BF692.2 .I7413 1993 46500003022 12/09/2016 29/01/2015 Monograph ( Printed materials)

 

Arrupe Library. PO Box MP320 Mt Pleasant, Harare, Zimbabwe
263 242 745411|librarian@aju.ac.zw